| 000 | 007760000a22002410004500 | ||
|---|---|---|---|
| 001 | 49282 | ||
| 021 |
_aPT _b18673/87 |
||
| 100 | _a20101105d2010 k y0pory5003 ba | ||
| 101 | 0 | _apor | |
| 102 | _aPT | ||
| 200 | 1 |
_aO fantasma _fLuísa Ducla Soares _gil.Paula Amaral |
|
| 210 |
_aLisboa _cLivros Horizonte _d1987 |
||
| 215 |
_a25, [3] p. _cil. |
||
| 225 | 2 |
_aPássaro livre _v59 |
|
| 606 |
_92095 _aLiteratura infantil _xConto |
||
| 675 |
_a821.134.3-34 _vBN _zpor |
||
| 700 | 1 |
_943572 _aSoares _bLuísa Ducla _f1939- |
|
| 702 | 1 |
_97101 _4440 _aAmaral _bPaula |
|
| 801 |
_aPT _c20101105 |
||
| 859 |
_uhttp://bmcl.cm-camaradelobos.pt/capas/o%20fantasma.jpg _zCapa |
||
| 090 | _a49282 | ||
| 942 |
_cMON _n0 |
||
| 999 | _a49282 | ||